000 00216nam a2200097Ia 4500
005 20251222113741.0
008 251222s1900||||xx |||||||||||||| ||spa||
082 _aDVD0070/D18/2000
245 0 _aBilly Elliot:
942 _cDVD
999 _c622
_d622